| 000 | 00812nam a2200265Ia 4500 | ||
|---|---|---|---|
| 003 | GCL | ||
| 008 | 140319s9999 xx 000 0 ara d | ||
| 040 |
_aGCL / _cGCL |
||
| 082 | 0 | 4 |
_a658.835 _bش ب |
| 100 | 1 | _aشوقى حسين عبدالله | |
| 245 | 1 | 0 |
_aبحوث ادارية فى اقتصاديات المشروع / _cشوقى حسين عبدالله |
| 260 |
_a[S.N] : _bدار النهضة العربية ، _c1992 |
||
| 300 | _a255 ص | ||
| 490 | _a | ||
| 650 | 0 | 4 | _aالاقتصاد الكلى |
| 650 | 0 | 4 | _aالاقتصاد |
| 650 | 0 | 4 | _aادارة الاعمال |
| 650 | 0 | 4 | _aالادارة |
| 650 | 0 | 4 | _aادارة الافراد |
| 650 | 0 | 4 | _aالسلطة |
| 650 | 0 | 4 | _aاقتصاديات |
| 650 | 0 | 4 | _aالاقتصاد الجزئى |
| 650 | 0 | 4 | _aالابار |
| 942 |
_2ddc _cBK |
||
| 999 |
_c36836 _d36836 |
||